| 000 | 00359nam a22001457a 4500 | ||
|---|---|---|---|
| 005 | 20190330125805.0 | ||
| 008 | 190330b xxu||||| |||| 00| 0 eng d | ||
| 020 | _a9798184242163 | ||
| 041 | _aeng | ||
| 100 |
_aBhattacharya, Jayanta _94925 |
||
| 245 | _aPrinciples of Mining Planning | ||
| 260 |
_aNew Delhi _bAllied Publishers |
||
| 300 | _a508 | ||
| 942 | _cBK | ||
| 999 |
_c5798 _d5796 |
||